Principaux partis politiques suisses - Statistiques

Statistiques générales
  • Ce quiz a été pris 744 fois
  • Le résultat moyen est 7 sur 12
Réponses sur la Carte
Les réponses sont colorées sur une échelle allant du rouge au vert en fonction du pourcentage des utilisateurs qui les ont devinées à leur premier essai. Vous pouvez retrouver ces pourcentages ci-dessous.
 
Statistiques - réponses
Sièges au National Sièges aux États Parti % Correct
28 5 Les Vert.e.s
94%
39 9 Parti socialiste
94%
53 6 Union démocratique du centre
92%
29 12 Parti libéral-radical
82%
25 13 Parti démocrate-chrétien
77%
16 - Vert'libéraux
63%
3 - Parti bourgeois démocratique
38%
1 - Parti suisse du travail
35%
1 - Ligue des Tessinois
32%
3 - Parti évangélique
23%
1 - Union démocratique fédérale
18%
1 - solidaritéS
13%
Aucun quiz correspondant
Distribution des résultats
% des personnes avec chaque résultat
Percentile par nombre de réponses
Votre historique - résultats
Vous n’avez pas pris ce quiz